[Event "34th Chess Olympiad (men)"]
[Site "Istanbul"]
[Date "2000.11.04"]
[Round "7.35.2"]
[White "Hassan, Sayed Barakat"]
[Black "Belli, Mario"]
[WhiteElo "2365"]
[BlackElo "2393"]
[WhiteCountry "EGY"]
[BlackCountry "PER"]
[Result "1/2-1/2"]

1. e4 d5 2. exd5 Nf6 3. Bb5+ Bd7 4. Be2 Nxd5 5. d4 Bf5 6. Nf3 e6 7. O-O Be7 
8. c4 Nb6 9. Nc3 O-O 10. Be3 Qc8 11. Rc1 Rd8 12. Qb3 Bf6 13. Rfd1 Nc6 14. h3 h6 
15. g4 Bg6 16. d5 Ne7 
1/2-1/2

[Event "34th Chess Olympiad (men)"]
[Site "Istanbul"]
[Date "2000.11.04"]
[Round "7.35.3"]
[White "Esplana, Christian"]
[Black "El Arousy Abdul, Hameed"]
[WhiteElo "2239"]
[BlackElo "2363"]
[WhiteCountry "PER"]
[BlackCountry "EGY"]
[Result "0-1"]

1. e4 e6 2. d4 d5 3. Nc3 Bb4 4. e5 c5 5. a3 Bxc3+ 6. bxc3 Ne7 7. Nf3 b6 
8. Bb5+ Bd7 9. Bd3 h6 10. a4 Qc7 11. O-O Nbc6 12. Ba3 Na5 13. Bb5 Bxb5 
14. axb5 Nc4 15. Bc1 Qd7 16. Rb1 O-O 17. Nd2 Nxd2 18. Bxd2 Rfc8 19. f4 a5 
20. bxa6 Rxa6 21. g4 cxd4 22. cxd4 Qa4 23. c3 Qxd1 24. Rfxd1 f5 25. h3 Kf7 
26. Kf2 g6 27. gxf5 gxf5 28. Rg1 Nc6 29. Ke2 Rb8 30. Rg2 Rg8 31. Rbg1 Rxg2+ 
32. Rxg2 Ra2 33. Kf3 Na5 34. Be1 Ra1 35. Bh4 Rc1 36. Ke3 Nc4+ 37. Kd3 Rd1+ 
38. Ke2 Rd2+ 39. Kf3 Rd3+ 40. Kf2 Rxc3 41. Kg1 Rc1+ 42. Kh2 Ne3 
0-1

[Event "34th Chess Olympiad (men)"]
[Site "Istanbul"]
[Date "2000.11.04"]
[Round "7.35.4"]
[White "Abou, El Zein Eid Mahmoud"]
[Black "Soto, Jorge"]
[WhiteElo "2352"]
[BlackElo "2225"]
[WhiteCountry "EGY"]
[BlackCountry "PER"]
[Result "0-1"]

1. e4 c5 2. Nf3 Nc6 3. d4 cxd4 4. Nxd4 Nf6 5. Nc3 e5 6. Ndb5 d6 7. Bg5 a6 
8. Na3 b5 9. Bxf6 gxf6 10. Nd5 Bg7 11. Bd3 Be6 12. c3 f5 13. Qh5 f4 14. Nc2 O-O 
15. g3 Re8 16. gxf4 exf4 17. O-O-O Ne5 18. Rhg1 Kh8 19. Nd4 Rc8 20. Nf5 Bf8 
21. Kb1 Ng6 22. Rg4 Bxd5 23. exd5 Re5 24. Qh3 Rc5 25. Nd4 Rcxd5 26. Nc6 Qd7 
27. Nxe5 dxe5 28. Kc1 b4 29. cxb4 Bxb4 30. Qf3 f5 31. Rgg1 e4 32. Bxe4 fxe4 
33. Qxe4 Qc6+ 34. Qc2 Rc5 
0-1

[Event "34th Chess Olympiad (men)"]
[Site "Istanbul"]
[Date "2000.11.04"]
[Round "7.36.1"]
[White "Gluckman, David"]
[Black "Dervishi, Erald"]
[WhiteElo "2400"]
[BlackElo "2478"]
[WhiteCountry "RSA"]
[BlackCountry "ALB"]
[Result "0-1"]

1. e4 e5 2. Nf3 Nc6 3. d4 exd4 4. Nxd4 Nf6 5. Nc3 Bb4 6. Nxc6 bxc6 7. Bd3 d5 
8. exd5 cxd5 9. O-O O-O 10. Bg5 c6 11. Na4 Bd6 12. c4 h6 13. Bh4 Rb8 14. b3 d4 
15. c5 Be7 16. Bg3 Rb7 17. Re1 Be6 18. Rc1 Rd7 19. Rxe6 fxe6 20. Qe2 Kh8 
21. Qxe6 Qc8 22. Nb2 Re8 23. Bg6 Rb7 24. Qe2 Rd8 25. h3 Nd5 26. Nd3 Bg5 
27. f4 Re7 28. Qh5 Qb8 29. Qg4 Bf6 30. Kh2 Qc7 31. Ne5 Ne3 32. Qh5 Bxe5 
33. fxe5 Qd7 34. Be4 Re6 35. Qf3 Qe7 36. Bd3 g6 37. Qe4 Rd5 38. Bf4 Kh7 
39. b4 Qh4 40. Qf3 Qe7 41. a4 Kg7 42. Rb1 Rd8 43. Bg3 Qf8 44. Qe2 h5 
45. Kg1 Qe7 46. Qf3 Rf8 47. Qe4 Qg5 48. Bh2 Nxg2 49. Kh1 Nf4 50. Rg1 Nxd3 
51. Qxd3 Qd8 52. Qe4 Qd7 53. Rd1 Rd8 54. Rd3 Qd5 55. Qxd5 Rxd5 56. a5 a6 
57. Kg2 Re7 58. Kf3 Rb7 59. e6 Kf6 60. Ke4 Rxb4 
0-1

[Event "34th Chess Olympiad (men)"]
[Site "Istanbul"]
[Date "2000.11.04"]
[Round "7.36.2"]
[White "Adhami, Vangiel"]
[Black "Solomon, Kenny"]
[WhiteElo "2310"]
[BlackElo "2267"]
[WhiteCountry "ALB"]
[BlackCountry "RSA"]
[Result "0-1"]

1. e4 c5 2. Nf3 Nc6 3. d4 cxd4 4. Nxd4 Nf6 5. Nc3 e5 6. Ndb5 d6 7. a4 a6 
8. Na3 Bg4 9. Be2 Bxe2 10. Qxe2 d5 11. exd5 Nxd5 12. Nxd5 Qxd5 13. O-O Nd4 
14. Qd3 Rd8 15. b3 Bc5 16. Bb2 O-O 17. Kh1 e4 18. Qc3 Ne6 19. Qc4 Qxc4 
20. Nxc4 b5 21. axb5 axb5 22. Na3 Rd2 23. Kg1 b4 24. Nc4 Rxc2 25. Rac1 Re2 
26. Be5 Rd8 27. g4 f6 28. Bg3 h5 29. h3 hxg4 30. hxg4 Rd3 31. Kg2 Rxb3 
32. Rfd1 Rd3 33. Kf1 Rc2 34. Re1 Rxc1 35. Rxc1 Rc3 36. Rxc3 bxc3 37. Ke2 Nd4+ 
38. Ke3 Nb3+ 39. Kxe4 c2 
0-1

[Event "34th Chess Olympiad (men)"]
[Site "Istanbul"]
[Date "2000.11.04"]
[Round "7.36.3"]
[White "Kromhout, Ewan"]
[Black "Rama, Lorenc"]
[WhiteElo "2000"]
[BlackElo "2316"]
[WhiteCountry "RSA"]
[BlackCountry "ALB"]
[Result "0-1"]

1. d4 d6 2. Nf3 g6 3. c4 Bg7 4. Nc3 Nf6 5. Bg5 O-O 6. e3 c6 7. Be2 Nbd7 
8. Qc2 e5 9. dxe5 dxe5 10. O-O Re8 11. Nd2 Qc7 12. Rfd1 Nc5 13. b4 Ne6 
14. Bxf6 Bxf6 15. Nde4 Be7 16. c5 Rf8 17. Nd6 Bd7 18. Rd2 a5 19. Na4 axb4 
20. Nb6 Rad8 21. Rad1 Bxd6 22. Rxd6 Bc8 23. Qc4 Rxd6 24. Rxd6 Ng7 25. Qxb4 Be6 
26. Bc4 Bxc4 27. Nxc4 Nf5 28. Rd1 Rd8 29. Rxd8+ Qxd8 30. Qd2 Qe7 31. Nd6 Nxd6 
32. cxd6 Qd7 33. Qb4 b5 34. Qc5 f6 35. f4 exf4 36. exf4 Kf7 37. h3 Ke6 
38. g4 Qxd6 39. f5+ Ke7 40. Qe3+ Kf7 41. Qa7+ Kg8 42. Qa8+ Kg7 43. Qa7+ Kg8 
44. Qa8+ Kg7 45. Qa7+ Kh6 46. Qe3+ g5 47. h4 Qd1+ 48. Kh2 Qxg4 49. hxg5+ Qxg5 
50. Qc5 Qh4+ 51. Kg2 Qe4+ 52. Kh3 Kg5 53. Qf8 Qxf5+ 54. Kg2 Qe4+ 55. Kf2 Qd4+ 
56. Kg2 Qd5+ 57. Kg3 Kf5 58. Qc8+ Qe6 59. Qb7 Kg6 60. Qa8 c5 61. Qb7 b4 
62. Qb5 Qe5+ 63. Kf3 h5 64. Qa6 Qd5+ 65. Kg3 c4 66. Qc8 Qg5+ 67. Kh2 Qh4+ 
0-1

[Event "34th Chess Olympiad (men)"]
[Site "Istanbul"]
[Date "2000.11.04"]
[Round "7.36.4"]
[White "Mehmeti, Dritan"]
[Black "Solomon, Maxwell"]
[WhiteElo "2000"]
[BlackElo "2000"]
[WhiteCountry "ALB"]
[BlackCountry "RSA"]
[Result "0-1"]

1. d4 Nf6 2. Bg5 d5 3. Nf3 e6 4. e3 Be7 5. c4 O-O 6. Nc3 b6 7. Rc1 Bb7 
8. Bd3 h6 9. Bh4 Nbd7 10. O-O c5 11. cxd5 Nxd5 12. Bg3 a6 13. Bb1 N7f6 
14. Qe2 cxd4 15. Nxd5 Qxd5 16. Rcd1 Ne4 17. Rxd4 Nxg3 18. hxg3 Qc6 19. Rc4 Qb5 
20. Qc2 g6 21. a4 Qh5 22. Rc7 Bxf3 23. gxf3 Bd6 24. Rc6 Bc5 25. b4 Bxb4 
26. Kg2 Rfd8 27. Rh1 Qg5 28. Rxb6 Rac8 29. Qe4 a5 30. Ba2 Qf5 31. Qxf5 gxf5 
32. g4 f4 33. exf4 Rd2 34. Bb1 Bc5 35. Rb5 Bxf2 36. g5 Bc5+ 37. Kg3 hxg5 
38. fxg5 Bd6+ 39. Kg4 Rg2+ 40. Kh3 Rg3+ 41. Kh4 Kg7 42. g6 f5 
0-1

[Event "34th Chess Olympiad (men)"]
[Site "Istanbul"]
[Date "2000.11.04"]
[Round "7.37.1"]
[White "Watanabe, Akira"]
[Black "Moussa, Othman"]
[WhiteElo "2374"]
[BlackElo "2375"]
[WhiteCountry "JPN"]
[BlackCountry "UAE"]
[Result "1-0"]

1. d4 Nf6 2. c4 e6 3. Nc3 Bb4 4. e3 O-O 5. Bd3 d5 6. Nge2 c5 7. cxd5 exd5 
8. dxc5 Bxc5 9. a3 Nc6 10. O-O a6 11. Ng3 Re8 12. Qc2 Ba7 13. Nce2 Ne5 
14. Bf5 g6 15. Bxc8 Rxc8 16. Qb3 Qb6 17. Qxb6 Bxb6 18. Bd2 h5 19. Rfc1 h4 
20. Nf1 Nd3 21. Rc3 Rxc3 22. bxc3 Ne4 23. Be1 Nxe1 24. Rxe1 Ba5 25. Rd1 Rd8 
26. Rd3 b5 27. f3 Nc5 28. Rd4 Na4 29. Rxh4 Nxc3 30. Nxc3 Bxc3 31. Kf2 Rc8 
32. Ke2 Bf6 33. Rf4 Be5 34. Rg4 Rc2+ 35. Kd1 Ra2 36. h4 Rxa3 37. h5 Kg7 
38. hxg6 fxg6 39. Rg5 Bc3 40. Rxd5 Ra2 41. Nd2 b4 42. Ne4 Ba1 43. Rd7+ Kf8 
44. Rb7 a5 45. g4 Ra3 46. Kd2 Ra2+ 47. Kd3 Bb2 48. Nd6 Ra3+ 49. Ke4 Bc1 
50. Nc4 Rc3 51. Kd4 Ra3 52. f4 Ra2 53. f5 gxf5 54. gxf5 Rf2 55. Ke5 Rf3 
56. Kf6 Ke8 57. e4 Kd8 58. Ke6 Bf4 59. e5 Rc3 60. Nd6 
1-0

[Event "34th Chess Olympiad (men)"]
[Site "Istanbul"]
[Date "2000.11.04"]
[Round "7.37.2"]
[White "Majeed, Abdul"]
[Black "Tanaka, Yuuki"]
[WhiteElo "2291"]
[BlackElo "2126"]
[WhiteCountry "UAE"]
[BlackCountry "JPN"]
[Result "0-1"]

1. e4 e5 2. Nf3 Nc6 3. Bb5 a6 4. Ba4 Nf6 5. O-O b5 6. Bb3 Bc5 7. d3 d6 
8. c3 O-O 9. Nbd2 Bb6 10. h3 Bb7 11. Re1 Re8 12. Nf1 Na5 13. Bc2 d5 14. Qe2 c5 
15. Ng3 c4 16. Bg5 h6 17. Bxf6 Qxf6 18. dxc4 dxc4 19. Rad1 Rad8 20. Nf5 Nc6 
21. Ne3 Ne7 22. Ng4 Qe6 23. Ngxe5 h5 24. Rxd8 Bxd8 25. Qd2 Bc8 26. Rd1 Bc7 
27. Qg5 g6 28. Nxg6 Qxg6 29. Qh4 Qg7 30. Qxh5 Ng6 31. Qg5 Nf4 32. Qxg7+ Kxg7 
33. Nd4 Kf6 34. h4 Rg8 35. g3 Ne6 36. Kh2 Rd8 37. f4 Nxd4 38. cxd4 Bg4 
39. Rd2 Ba5 40. e5+ Kg7 41. Rf2 Rxd4 42. Kg2 Be1 
0-1

[Event "34th Chess Olympiad (men)"]
[Site "Istanbul"]
[Date "2000.11.04"]
[Round "7.37.3"]
[White "Nakamura, Ryuji"]
[Black "Saleh, Jasim"]
[WhiteElo "2127"]
[BlackElo "2356"]
[WhiteCountry "JPN"]
[BlackCountry "UAE"]
[Result "0-1"]

1. d4 g6 2. c4 Bg7 3. Nc3 d6 4. e4 e5 5. dxe5 dxe5 6. Qxd8+ Kxd8 7. f4 Be6 
8. Nf3 Nd7 9. Be3 h6 10. O-O-O Kc8 11. Be2 Ne7 12. Nd5 Nc6 13. h3 Re8 
14. Rde1 a5 15. fxe5 g5 16. Nd4 Nxd4 17. Bxd4 Bxe5 18. Bxe5 Nxe5 19. Kc2 Ra6 
20. b3 f5 21. exf5 Bxf5+ 22. Kc3 Rae6 23. Bh5 Bg6 24. Bxg6 Nxg6 25. Rxe6 Rxe6 
26. Rf1 c6 27. Nb6+ Kc7 28. c5 Nf4 29. g3 Re3+ 30. Kc4 Rxg3 31. h4 Rg4 
32. hxg5 hxg5 33. Na4 Kd7 34. Kc3 Ke6 35. Re1+ Kf5 36. Nb6 Ne6 37. Nc4 Kf6 
38. Nxa5 Nxc5 39. Re3 
0-1

[Event "34th Chess Olympiad (men)"]
[Site "Istanbul"]
[Date "2000.11.04"]
[Round "7.37.4"]
[White "Moussa, Taleb"]
[Black "Misaka, Susumu"]
[WhiteElo "2389"]
[BlackElo "2000"]
[WhiteCountry "UAE"]
[BlackCountry "JPN"]
[Result "1-0"]

1. d4 Nf6 2. Nf3 g6 3. c4 Bg7 4. Nc3 d5 5. Qb3 dxc4 6. Qxc4 O-O 7. e4 Nc6 
8. Be2 Bg4 9. d5 Na5 10. Qb4 c6 11. e5 c5 12. Qf4 Bxf3 13. exf6 Bxg2 
14. fxg7 Kxg7 15. Rg1 Bxd5 16. Qe5+ 
1-0

[Event "34th Chess Olympiad (men)"]
[Site "Istanbul"]
[Date "2000.11.04"]
[Round "7.38.1"]
[White "Nilssen, John Arni"]
[Black "Claesen, Pieter"]
[WhiteElo "2354"]
[BlackElo "2416"]
[WhiteCountry "FAI"]
[BlackCountry "BEL"]
[Result "1/2-1/2"]

1. d4 Nf6 2. c4 c5 3. d5 b5 4. cxb5 a6 5. b6 d6 6. Nc3 Nbd7 7. a4 a5 8. e4 g6 
9. f4 Bg7 10. Nf3 O-O 11. Bb5 Nxb6 12. O-O Ba6 13. Bxa6 Rxa6 14. Qe2 Ra7 
15. Rd1 Ne8 16. Bd2 Nc7 17. Be1 Qd7 18. Ra3 Rb8 19. h3 Nc8 20. Ra2 Rab7 
21. Kh1 Rb3 22. Qc2 Na6 23. Nb5 Rxf3 24. gxf3 Qxh3+ 25. Kg1 Qxf3 26. Ra3 Qg4+ 
27. Rg3 Qxf4 28. Qe2 Nb6 29. Rg4 Qe5 30. Nc3 Qh5 31. Rg2 Qxe2 32. Rxe2 Nc4 
33. Rb1 Nb4 34. Nb5 Nd3 35. b3 Nxe1 36. bxc4 Nf3+ 37. Kg2 Nd4 38. Reb2 f5 
39. Nxd4 Rxb2+ 40. Rxb2 Bxd4 41. Rb8+ Kf7 42. exf5 gxf5 43. Rb5 Bc3 44. Rb3 Bd2 
45. Rb2 Bb4 46. Kf3 e6 47. dxe6+ Kxe6 48. Re2+ Kf6 49. Re3 h5 50. Rd3 Ke6 
51. Kf4 h4 52. Re3+ Kf6 53. Rd3 Ke6 54. Rd5 Bc3 55. Rxf5 Be5+ 56. Ke4 h3 
57. Rh5 h2 58. Rh6+ Kf7 59. Kf5 
1/2-1/2

[Event "34th Chess Olympiad (men)"]
[Site "Istanbul"]
[Date "2000.11.04"]
[Round "7.38.2"]
[White "Dutreeuw, Marc"]
[Black "Rodgaard, John"]
[WhiteElo "2402"]
[BlackElo "2351"]
[WhiteCountry "BEL"]
[BlackCountry "FAI"]
[Result "1/2-1/2"]

1. e4 e6 2. d4 d5 3. Nc3 Bb4 4. e5 Ne7 5. a3 Bxc3+ 6. bxc3 b6 7. Bg5 h6 
8. Bh4 c5 9. f4 Qc7 10. Qd2 Ba6 11. Bxa6 Nxa6 12. Bxe7 Qxe7 
1/2-1/2

[Event "34th Chess Olympiad (men)"]
[Site "Istanbul"]
[Date "2000.11.04"]
[Round "7.38.4"]
[White "Van, Beers Eddy"]
[Black "Naes, Flovin Tor"]
[WhiteElo "2346"]
[BlackElo "2271"]
[WhiteCountry "BEL"]
[BlackCountry "FAI"]
[Result "1-0"]

1. d4 d5 2. c4 e6 3. Nc3 c5 4. cxd5 exd5 5. Nf3 Nc6 6. g3 Nf6 7. Bg2 Be7 
8. O-O O-O 9. Bg5 cxd4 10. Nxd4 h6 11. Be3 Re8 12. Rc1 Bg4 13. h3 Be6 
14. Kh2 Qd7 15. Nxc6 bxc6 16. Na4 Bf5 17. Bc5 Bd8 18. Bd4 Qe6 19. e3 Qd6 
20. Nc5 Bb6 21. Qd2 Rac8 22. Qc3 h5 23. Bxf6 gxf6 24. h4 Bc7 25. Bh3 Bg4 
26. Bxg4 hxg4 27. Rfe1 Re5 28. Nb7 Qf8 29. Qxc6 Rh5 30. Qd7 Rxh4+ 31. Kg2 Rh7 
32. Rxc7 Rxc7 33. Qxc7 Qh6 34. Qc8+ 
1-0

[Event "34th Chess Olympiad (men)"]
[Site "Istanbul"]
[Date "2000.11.04"]
[Round "7.39.1"]
[White "Erdogdu, Mert"]
[Black "Dive, Russell John"]
[WhiteElo "2286"]
[BlackElo "2414"]
[WhiteCountry "TURB"]
[BlackCountry "NZL"]
[Result "1-0"]

1. e4 Nf6 2. e5 Nd5 3. d4 d6 4. Nf3 c6 5. c4 Nc7 6. Be2 g6 7. O-O Bg7 
8. Nc3 dxe5 9. Nxe5 c5 10. Nd5 Ne6 11. Be3 Nc6 12. Nxc6 bxc6 13. dxc5 Bxb2 
14. Rb1 Bg7 15. Qa4 Bd7 16. Nb4 Qc8 17. Bf3 Nd8 18. Rfd1 O-O 19. Na6 f5 
20. Bg5 Rf7 21. g3 h6 22. Bc1 Be8 23. Rb3 e5 24. Rd6 Ne6 25. Bxc6 Bxc6 
26. Rxc6 Qd7 27. Rb8+ Rxb8 28. Nxb8 Qe8 29. Qa6 Nf8 30. Rc8 Qe7 31. Qc6 Kh7 
32. Re8 Qb7 33. Qxb7 Rxb7 34. c6 Rb1 35. c7 Rxc1+ 36. Kg2 Rxc4 37. c8=Q Rxc8 
38. Rxc8 Ne6 39. Rc6 Nd4 40. Ra6 f4 41. f3 g5 42. Nc6 Nc2 43. Rxa7 h5 44. Nxe5 
1-0

[Event "34th Chess Olympiad (men)"]
[Site "Istanbul"]
[Date "2000.11.04"]
[Round "7.39.2"]
[White "Ker, Anthony F"]
[Black "Turgut, Tansel"]
[WhiteElo "2348"]
[BlackElo "2285"]
[WhiteCountry "NZL"]
[BlackCountry "TURB"]
[Result "1/2-1/2"]

1. d4 d5 2. c4 dxc4 3. Nc3 a6 4. e3 Nf6 5. Bxc4 e6 6. Nf3 c5 7. O-O b5 
8. Bd3 Bb7 9. a3 cxd4 10. Nxd4 Nbd7 11. b4 Rc8 12. Qb3 Be7 13. Rd1 O-O 
14. Bb2 Qb6 15. Nf3 Bxf3 16. gxf3 Ne5 17. Be2 Qb7 18. Nd5 Nxf3+ 19. Bxf3 Nxd5 
20. Bxd5 exd5 21. Qxd5 Qxd5 22. Rxd5 Rc2 23. Be5 h6 24. a4 Bxb4 25. axb5 axb5 
26. Rxb5 Bc3 27. Ra7 Bxe5 28. Rxe5 Rc6 29. Rf5 g6 30. Rf4 Kg7 31. Kg2 Rf6 
32. Kf3 Rxf4+ 33. Kxf4 Rb8 34. h4 Rb4+ 35. e4 h5 36. f3 Rc4 
1/2-1/2

[Event "34th Chess Olympiad (men)"]
[Site "Istanbul"]
[Date "2000.11.04"]
[Round "7.39.3"]
[White "Haznedaroglu, Kivanc"]
[Black "Smith, Robert W"]
[WhiteElo "2249"]
[BlackElo "2270"]
[WhiteCountry "TURB"]
[BlackCountry "NZL"]
[Result "0-1"]

1. e4 c5 2. Nf3 e6 3. d4 cxd4 4. Nxd4 a6 5. Bd3 Qb6 6. Nb3 d6 7. Be3 Qc7 
8. O-O Nf6 9. c4 Nbd7 10. f4 h5 11. h3 h4 12. Nc3 Be7 13. Rc1 b6 14. Qd2 g6 
15. Bd4 Rh7 16. Qe1 Bb7 17. e5 dxe5 18. fxe5 Nh5 19. Nd5 exd5 20. cxd5 Nc5 
21. Nxc5 Bxc5 22. Rf2 Bxd5 23. b4 Bxb4 24. Rxc7 Bxe1 25. Rf1 Ba5 26. e6 Bxe6 
27. Bxg6 b5 28. Rb7 Bd5 29. Bxh7 Bxb7 30. Rf5 Ng3 31. Re5+ Kd7 32. Bd3 Re8 
33. Rxe8 Kxe8 34. Bf6 Bb6+ 35. Kh2 Bd8 36. Be5 Be4 
0-1

[Event "34th Chess Olympiad (men)"]
[Site "Istanbul"]
[Date "2000.11.04"]
[Round "7.39.4"]
[White "Green, Peter"]
[Black "Erdogan, Hakan"]
[WhiteElo "2239"]
[BlackElo "2217"]
[WhiteCountry "NZL"]
[BlackCountry "TURB"]
[Result "1/2-1/2"]

1. d4 Nf6 2. c4 e6 3. Nc3 c5 4. d5 exd5 5. cxd5 d6 6. e4 g6 7. f4 Bg7 
8. Bb5+ Nfd7 9. a4 O-O 10. Nf3 Na6 11. O-O Nc7 12. Be2 Re8 13. Nd2 Bd4+ 
14. Kh1 Nf6 15. Bf3 Rb8 16. Re1 h5 17. Nc4 Ng4 18. Bxg4 hxg4 19. Qd3 b6 
20. Nb5 Nxb5 21. axb5 Rb7 22. Be3 Bg7 23. Bf2 Bf8 24. Rad1 Qf6 25. Bg3 Bd7 
26. Qb3 Bg7 27. e5 dxe5 28. fxe5 Qe7 29. Nd6 Rbb8 30. Nxe8 Rxe8 31. Ra1 Bf5 
32. d6 Qd7 33. Qd5 Rc8 34. b3 Qxb5 35. Rxa7 Be6 36. Qb7 Rd8 37. Ra6 Qxb3 
38. Qxb6 Qxb6 39. Rxb6 c4 40. Bf4 Rc8 41. Rb7 Kh7 42. Bg5 Bh6 43. d7 Bxd7 
44. Bxh6 Bc6 45. Rxf7+ Kxh6 46. Kg1 c3 47. Rc1 Be4 48. Kf2 c2 49. Ra7 Bf5 
50. Ra3 Kg7 51. Ra7+ Kf8 52. Ke3 Rc4 53. Ra5 Ke7 54. Ra2 Ke6 55. Ra5 Rc8 
56. Kd4 Rd8+ 57. Ke3 Rd1 58. Raa1 Rd3+ 59. Ke2 Rd5 60. Ra6+ Kxe5 61. Rc6 Rd8 
62. R1xc2 Bxc2 63. Rxc2 Rh8 64. Kf2 Rxh2 65. Kg3 Rh5 66. Kxg4 
1/2-1/2

[Event "34th Chess Olympiad (men)"]
[Site "Istanbul"]
[Date "2000.11.04"]
[Round "7.40.1"]
[White "Kotronias, Vasilios"]
[Black "Johannessen, Leif Erlend"]
[WhiteElo "2539"]
[BlackElo "2422"]
[WhiteCountry "CYP"]
[BlackCountry "NOR"]
[Result "1-0"]

1. e4 c5 2. Nf3 e6 3. d4 cxd4 4. Nxd4 a6 5. Bd3 Nf6 6. O-O Qc7 7. Qe2 d6 
8. c4 g6 9. Nc3 Bg7 10. Rd1 O-O 11. Nf3 Nc6 12. h3 Nd7 13. Bf4 Bxc3 14. bxc3 e5 
15. Bh6 Rd8 16. Nh2 Nc5 17. Bc2 f6 18. f4 exf4 19. Bxf4 Ne5 20. Nf1 Be6 
21. Ne3 Rac8 22. Rd4 b6 23. Bg3 Nb7 24. Rf1 Kg7 25. Bh4 Rf8 26. Bb3 Na5 
27. Qd2 g5 28. Bg3 Rfd8 29. h4 h6 30. Rd1 Nb7 31. c5 dxc5 32. Bxe6 Nf3+ 
33. gxf3 Qxg3+ 34. Qg2 Qxg2+ 35. Kxg2 cxd4 36. Nf5+ Kf8 37. Bxc8 Rxc8 
38. cxd4 Rc2+ 39. Kg3 gxh4+ 40. Kxh4 b5 41. Kh5 Kf7 42. Nxh6+ Ke7 43. Nf5+ Kf7 
44. Rh1 Na5 45. Kg4 Nc4 46. Rh7+ Ke8 47. Ng7+ Kf7 48. Nf5+ Ke8 49. f4 Rxa2 
50. e5 fxe5 51. dxe5 Rg2+ 52. Kf3 Rg6 53. Ra7 Rb6 54. e6 Nd2+ 55. Kg4 
1-0

[Event "34th Chess Olympiad (men)"]
[Site "Istanbul"]
[Date "2000.11.04"]
[Round "7.40.2"]
[White "Elsness, Frode"]
[Black "Antoniou, Antonis"]
[WhiteElo "2383"]
[BlackElo "2246"]
[WhiteCountry "NOR"]
[BlackCountry "CYP"]
[Result "1-0"]

1. d4 e6 2. c4 b6 3. e4 Bb7 4. Bd3 f5 5. exf5 Bxg2 6. Qh5+ g6 7. fxg6 Bg7 
8. gxh7+ Kf8 9. Bg5 Nf6 10. Qh4 Bxh1 11. Ne2 Qe7 12. Nf4 Ke8 13. Nd2 d6 
14. O-O-O Bb7 15. Re1 Bc8 16. Nh5 Nbd7 17. Rxe6 Qxe6 18. Nxg7+ Ke7 
19. Nxe6 Kxe6 20. d5+ Kf7 21. Qh6 
1-0

[Event "34th Chess Olympiad (men)"]
[Site "Istanbul"]
[Date "2000.11.04"]
[Round "7.40.3"]
[White "Clerides, Paraskevas"]
[Black "Trygstad, Kristian"]
[WhiteElo "2226"]
[BlackElo "2248"]
[WhiteCountry "CYP"]
[BlackCountry "NOR"]
[Result "0-1"]

1. e4 c5 2. Nf3 e6 3. d4 cxd4 4. Nxd4 a6 5. Nc3 Qc7 6. Bd3 Nf6 7. Qe2 Nc6 
8. Be3 b5 9. a3 Ne5 10. h3 Bc5 11. f4 Ng6 12. e5 Nxf4 13. Ndxb5 Qxe5 
14. Bxc5 Nxe2 15. Nd6+ Kf8 16. Nde4+ Kg8 17. Bd6 Nxc3 18. Bxe5 Ncxe4 19. b4 d6 
20. Bh2 Kf8 21. c4 Ke7 22. g4 Bb7 23. Rg1 Ng5 24. Be2 Nxh3 25. g5 Ne4 
0-1

[Event "34th Chess Olympiad (men)"]
[Site "Istanbul"]
[Date "2000.11.04"]
[Round "7.40.4"]
[White "Gabrielsen, Stig"]
[Black "Papatryfonos, Constantinos"]
[WhiteElo "2305"]
[BlackElo "2000"]
[WhiteCountry "NOR"]
[BlackCountry "CYP"]
[Result "1-0"]

1. e4 Nf6 2. e5 Nd5 3. d4 d6 4. Nf3 g6 5. Bc4 c6 6. O-O Bg7 7. h3 O-O 
8. Bb3 dxe5 9. Nxe5 Be6 10. Re1 Nd7 11. Nf3 N7b6 12. Bg5 Qc7 13. c4 Nf6 
14. Qe2 Rfe8 15. Nc3 h6 16. Be3 a5 17. a4 Rad8 18. Rac1 g5 19. d5 Bc8 
20. Bd4 Nbd7 21. Ne5 Nxe5 22. Bxe5 Qb6 23. Ba2 Bf5 24. Qf3 Bg6 25. d6 Nh5 
26. c5 Qb4 27. Bxg7 Kxg7 28. Rxe7 Rxe7 29. dxe7 Re8 30. Qe3 Nf4 31. Rd1 Qxb2 
32. Rd8 f6 33. Kh2 Bf7 34. Bxf7 Kxf7 35. Ne4 
1-0

[Event "34th Chess Olympiad (men)"]
[Site "Istanbul"]
[Date "2000.11.04"]
[Round "7.41.2"]
[White "Crosa, Martin"]
[Black "Al-Sayed, Mohammed"]
[WhiteElo "2242"]
[BlackElo "2370"]
[WhiteCountry "URU"]
[BlackCountry "QAT"]
[Result "0-1"]

1. e4 c5 2. Nf3 g6 3. d4 Bg7 4. Nc3 cxd4 5. Nxd4 Nc6 6. Be3 Nf6 7. Bc4 d6 
8. f3 Qb6 9. Nf5 Qxb2 10. Nxg7+ Kf8 11. Nd5 Nxd5 12. Bxd5 Kxg7 13. O-O Qc3 
14. Qc1 h6 15. Rb1 f6 16. Rb3 Qa5 17. Qb2 Qc7 18. f4 b6 19. e5 Bb7 
20. exf6+ exf6 21. Rc3 Qd7 22. f5 gxf5 23. Qb5 Rac8 24. Bd4 a6 25. Rg3+ Kh7 
26. Be4 axb5 
0-1

[Event "34th Chess Olympiad (men)"]
[Site "Istanbul"]
[Date "2000.11.04"]
[Round "7.41.3"]
[White "Abdulgha Four, Yousef"]
[Black "Cukerman, Diego"]
[WhiteElo "2052"]
[BlackElo "2000"]
[WhiteCountry "QAT"]
[BlackCountry "URU"]
[Result "1/2-1/2"]

1. e4 c5 2. Nf3 d6 3. d4 cxd4 4. Nxd4 Nf6 5. f3 g6 6. c4 Bg7 7. Be3 Nc6 
8. Nc3 O-O 9. Be2 Bd7 10. O-O Qb6 11. Nc2 Qxb2 12. Qd2 Nb4 13. Nxb4 Qxb4 
14. Rab1 Qa3 15. Rb3 Qa6 16. Nd5 Nxd5 17. cxd5 b5 18. Rfb1 Rab8 19. Qd3 Qb7 
20. a4 b4 21. a5 Bb5 22. Qxb5 Qxb5 23. Bxb5 Rxb5 24. Bxa7 Rxa5 25. Bb6 Rb5 
26. Rxb4 Rxb4 27. Rxb4 Rb8 28. Bc5 Rxb4 
1/2-1/2

[Event "34th Chess Olympiad (men)"]
[Site "Istanbul"]
[Date "2000.11.04"]
[Round "7.41.4"]
[White "Muniz, Rafael"]
[Black "Nezad, Husein Aziz"]
[WhiteElo "2131"]
[BlackElo "2066"]
[WhiteCountry "URU"]
[BlackCountry "QAT"]
[Result "1-0"]

1. e4 c6 2. Nc3 d5 3. Nf3 Bg4 4. h3 Bxf3 5. Qxf3 e6 6. d3 Bb4 7. exd5 cxd5 
8. Qg4 Bf8 9. Bd2 Nf6 10. Qf3 Nc6 11. O-O-O Qc7 12. Kb1 Nd4 13. Qf4 Qxf4 
14. Bxf4 Rc8 15. Ne2 Nc6 16. g4 Kd7 17. Bg2 Bd6 18. Be3 h6 19. f4 a6 
20. Rhf1 Ne7 21. Nd4 Bc5 22. Rde1 b5 23. Nf3 Bxe3 24. Ne5+ Ke8 25. Rxe3 h5 
26. f5 hxg4 27. fxe6 fxe6 28. hxg4 Rh2 29. Re2 Nh7 30. Nf3 Rh6 31. g5 Rh5 
32. Re5 Nf8 33. Nd4 Neg6 34. Nxe6 Nxe5 35. Nxg7+ Ke7 36. Nxh5 Nfg6 37. Bxd5 Rh8 
38. Ng3 Kd6 39. Be4 Rh3 40. Nf5+ Ke6 41. Kc1 Rh2 42. Ng7+ Ke7 43. d4 
1-0

[Event "34th Chess Olympiad (men)"]
[Site "Istanbul"]
[Date "2000.11.04"]
[Round "7.42.2"]
[White "Dineley, Richard"]
[Black "Simonet, Marc"]
[WhiteElo "2273"]
[BlackElo "2295"]
[WhiteCountry "WLS"]
[BlackCountry "AND"]
[Result "1/2-1/2"]

1. e4 c5 2. Nf3 Nc6 3. d4 cxd4 4. Nxd4 Nf6 5. Nc3 e5 6. Ndb5 d6 7. Bg5 a6 
8. Na3 b5 9. Bxf6 gxf6 10. Nd5 Bg7 11. c3 f5 12. exf5 Bxf5 13. Nc2 Ne7 
14. Nce3 Be6 15. g3 Nxd5 16. Nxd5 O-O 17. Bg2 f5 18. O-O a5 19. Qh5 b4 
20. Rfd1 bxc3 21. bxc3 Rc8 22. Rab1 Rf7 23. Rb5 Rb8 24. Rdb1 Rxb5 25. Rxb5 e4 
26. c4 Bd7 27. Rb7 Bd4 28. Qd1 Bc5 29. Qa1 Be6 30. Rxf7 Kxf7 31. Qb2 Bxd5 
32. cxd5 Qa8 33. Qb3 a4 34. Qc4 Qb7 35. Qxa4 Qxd5 36. Qd7+ Kg6 37. Qe8+ Kg7 
38. Qe7+ Qf7 39. Qg5+ Qg6 
1/2-1/2

[Event "34th Chess Olympiad (men)"]
[Site "Istanbul"]
[Date "2000.11.04"]
[Round "7.42.3"]
[White "Santamaria, V"]
[Black "Varley, Peter"]
[WhiteElo "2214"]
[BlackElo "2257"]
[WhiteCountry "AND"]
[BlackCountry "WLS"]
[Result "1-0"]

1. Nf3 Nf6 2. d3 d5 3. g3 g6 4. Bg2 Bg7 5. O-O O-O 6. Nbd2 c5 7. e4 Nc6 
8. c3 d4 9. cxd4 cxd4 10. a4 h6 11. Nc4 Be6 12. Nfd2 Nd7 13. Re1 Nc5 
14. Nb3 Nxb3 15. Qxb3 Na5 16. Qb4 Nxc4 17. dxc4 d3 18. Bd2 a5 19. Qb5 Qd4 
20. b3 Rfd8 21. Rab1 Qa7 22. e5 Rd7 23. Rbd1 Qa6 24. f4 Bg4 25. Qxa6 Rxa6 
26. Rb1 e6 27. h3 Be2 28. Bf1 Bxf1 29. Kxf1 Bf8 30. Be3 Bb4 31. Red1 Ra8 
32. Kf2 Rad8 33. Bd2 Bc5+ 34. Kf3 b6 35. Rb2 Rb7 36. Be3 Bb4 37. Bd2 Bc5 
38. Bc3 g5 39. fxg5 hxg5 40. Rbd2 Kg7 41. Rxd3 Rh8 42. Kg4 Rh7 43. Bd2 Be7 
44. Be3 Kg6 45. Rd7 Rxd7 46. Rd2 Rd4+ 47. Rxd4 Bc5 48. Rd3 Bxe3 49. Rxe3 f5+ 
50. exf6 Kxf6 51. Rf3+ Kg6 52. Rd3 Rb7 53. Rd8 Kf6 54. Rf8+ Kg7 55. Rd8 Kf6 
56. Rd6 Rb8 57. Rd7 Kg6 58. h4 gxh4 59. gxh4 Kf6 60. h5 Rg8+ 61. Kf4 e5+ 
62. Kf3 Kf5 63. Rf7+ Ke6 64. Rh7 Kf5 65. Rf7+ Ke6 66. Rb7 Kf5 67. Rxb6 e4+ 
68. Kf2 Kf4 69. Rf6+ Ke5 70. Ra6 Kf4 71. Rxa5 e3+ 72. Kf1 Kf3 73. Rf5+ Ke4 
74. Rf6 Rb8 75. h6 Rxb3 76. h7 Rb1+ 77. Kg2 Rb2+ 78. Kg3 Rb8 79. Rf7 Re8 
80. Re7+ 
1-0